| 000 -LEADER |
| fixed length control field |
01465cam a22003374a 4500 |
| 001 - CONTROL NUMBER |
| control field |
12262886 |
| 005 - DATE AND TIME OF LATEST TRANSACTION |
| control field |
20170207150344.0 |
| 008 - FIXED-LENGTH DATA ELEMENTS--GENERAL INFORMATION |
| fixed length control field |
001220s2001 nyua b 001 0 eng |
| 010 ## - LIBRARY OF CONGRESS CONTROL NUMBER |
| LC control number |
00054786 |
| 020 ## - INTERNATIONAL STANDARD BOOK NUMBER |
| International Standard Book Number |
0743202333 |
| 040 ## - CATALOGING SOURCE |
| Original cataloging agency |
DLC |
| Transcribing agency |
DLC |
| Modifying agency |
DLC |
| 042 ## - AUTHENTICATION CODE |
| Authentication code |
pcc |
| 043 ## - GEOGRAPHIC AREA CODE |
| Geographic area code |
e-fr--- |
| 050 00 - LIBRARY OF CONGRESS CALL NUMBER |
| Classification number |
ND653 |
| Item number |
.G7F395 2001 |
| 100 1# - MAIN ENTRY--PERSONAL NAME |
| Personal name |
Fell, Derek. |
| 245 10 - TITLE STATEMENT |
| Title |
Van Gogh's gardens / |
| Statement of responsibility, etc. |
Derek Fell. |
| 260 ## - PUBLICATION, DISTRIBUTION, ETC. (IMPRINT) |
| Place of publication, distribution, etc. |
New York : |
| Name of publisher, distributor, etc. |
Simon & Schuster, |
| Date of publication, distribution, etc. |
c2001. |
| 300 ## - PHYSICAL DESCRIPTION |
| Extent |
191 p. : |
| Other physical details |
col. ill. ; |
| Dimensions |
27 cm. |
| 504 ## - BIBLIOGRAPHY, ETC. NOTE |
| Bibliography, etc |
Includes bibliographical references (p. 189) and index. |
| 600 10 - SUBJECT ADDED ENTRY--PERSONAL NAME |
| Personal name |
Gogh, Vincent van, |
| Dates associated with a name |
1853-1890 |
| General subdivision |
Criticism and interpretation. |
| 650 #0 - SUBJECT ADDED ENTRY--TOPICAL TERM |
| Topical term or geographic name as entry element |
Gardens in art. |
| 650 #0 - SUBJECT ADDED ENTRY--TOPICAL TERM |
| Topical term or geographic name as entry element |
Gardens |
| Geographic subdivision |
France |
| General subdivision |
Design. |
| 700 1# - ADDED ENTRY--PERSONAL NAME |
| Personal name |
Gogh, Vincent van, |
| Dates associated with a name |
1853-1890. |
| 856 42 - ELECTRONIC LOCATION AND ACCESS |
| Materials specified |
Contributor biographical information |
| Uniform Resource Identifier |
<a href="http://www.loc.gov/catdir/bios/simon052/00054786.html">http://www.loc.gov/catdir/bios/simon052/00054786.html</a> |
| 856 42 - ELECTRONIC LOCATION AND ACCESS |
| Materials specified |
Publisher description |
| Uniform Resource Identifier |
<a href="http://www.loc.gov/catdir/description/simon032/00054786.html">http://www.loc.gov/catdir/description/simon032/00054786.html</a> |
| 856 41 - ELECTRONIC LOCATION AND ACCESS |
| Materials specified |
Sample text |
| Uniform Resource Identifier |
<a href="http://www.loc.gov/catdir/enhancements/fy0641/00054786-s.html">http://www.loc.gov/catdir/enhancements/fy0641/00054786-s.html</a> |
| 942 ## - ADDED ENTRY ELEMENTS (KOHA) |
| Source of classification or shelving scheme |
|
| Koha item type |
Hard Covered Materials |
| Classification part |
ND653 .G7F395 2001 |